000 00423nam a2200181Ia 4500
005 20250423095506.0
008 250422s9999 xx 000 0 und d
020 _a9780443101229
050 _aRD 31.5 .K57/
100 _aKirk, R.M.
245 0 _aGeneral surgical operation
250 _a5th ed.
260 _aPhilladelphia
260 _bChurchhill LivingStone
260 _c2006
300 _a723 p
942 _cBK
999 _c30437
_d30437